Statistics for Tour de France 2014 stage winners

Click here to take the quiz!

General Stats

  • This quiz has been taken 50 times
  • The average score is 16 of 21

Answer Stats

StageTypeCountryWinner% Correct
1FlatGermanyMarcel Kittel
100%
4FlatGermanyMarcel Kittel
100%
21FlatGermanyMarcel Kittel
100%
3FlatGermanyMarcel Kittel
100%
10MountainItalyVincenzo Nibali
100%
18MountainItalyVincenzo Nibali
100%
2HillyItalyVincenzo Nibali
100%
13MountainItalyVincenzo Nibali
100%
9HillyGermanyTony Martin
94%
20Time trialGermanyTony Martin
94%
6FlatGermanyAndre Greipel
91%
14MountainPolandRafal Majka
89%
17MountainPolandRafal Majka
89%
12FlatNorwayAlexander Kristoff
77%
15FlatNorwayAlexander Kristoff
77%
19FlatLithuaniaRamunas Navardauskas
51%
5HillyNetherlandsLars Boom
37%
11HillyFranceTony Gallopin
37%
7FlatItalyMatteo Trentin
31%
8HillyFranceBlel Kadri
23%
16MountainAustraliaMichael Rogers
23%

Score Distribution

Percentile by Number Answered

Percent of People with Each Score

Your Score History

You have not taken this quiz